00712nam a22001937a 450000500170000001000150001702000270003203500140005903700090007308200080008210000250009024500920011526000450020727000790025230000200033194200220035199900190037395201260039220240704115344.0 aENG-140772 c2995.00a9788195577507 aEN-124304 bDBAD a670 aTripathi, P.K968112 aHandbook On Production, Recycling of Lithium Ion and Lead-Acid Batteries/cP.K Tripathi aDelhibNiir Project Consultancy Services bDelhi a106-E, Kamla Nagar, e110007k91-11-23843955mnpcs.india@gmail.com a528p.c21cm(pb) 2ddccENh670mTRI c203942d203942 001040708NFICaLbLd2024-07-04eDBADg2995.00l0o670 TRIpEN-124304r2024-07-04 00:00:00t1v2995.00w2024-07-04yEN